000 00286nam a22001337a 4500
008 180202b xxu||||| |||| 00| 0 eng d
020 _a071831004505
041 _aeng
080 _a612.39
100 _a10
101 _aNUT
245 _aSimply vegetarian!
_cMair,N
942 _2udc
_cBK
999 _c41622
_d41622